Petr Halák : obrazy /

Další autoři: Matyášová, Eva, Galerie mladých (Brno, Česko)
Jazyk: Čeština
Vydáno: Brno : Městské kulturní středisko S.K. Neumanna, 1984
Témata:
Fyzický popis: [12] str. : il.
Knihy
Uloženo v:
LEADER 00821nam a22002412a 4500
001 001913125
003 CZ BrMZK
005 20241024093721.0
007 ta
008 241024s1984 xr a er|||||||||||cze d
040 |a BOE303  |b cze 
245 0 0 |a Petr Halák :  |b obrazy /  |c [úvodní text: Eva Matyášová] 
260 |a Brno :  |b Městské kulturní středisko S.K. Neumanna,  |c 1984 
300 |a [12] str. :  |b il. 
600 1 7 |a Halák, Petr,  |d 1948-  |7 jn20000728159  |2 czenas 
650 4 |a Halák, Petr, 1948- 
655 7 |a katalogy výstav  |7 fd132536  |2 czenas 
700 1 |a Matyášová, Eva  |4 wfw 
711 2 |a Galerie mladých (Brno, Česko)  |d (1984).  |e Výstava 
910 |a BOA001  |b X-1533.564 
990 |a BK 
991 |b 202410 
996 6 |b 2610983813  |c X-1533.564  |l MZK  |r Sklad / do 24 hodin  |n 0  |p dar  |w 001982232  |u 000010  |a 1  |e BOA001  |j MZK50  |s P